<?xml version="1.0" encoding="UTF-8"?>
<record
    xmlns:xsi="http://www.w3.org/2001/XMLSchema-instance"
    xsi:schemaLocation="http://www.loc.gov/MARC21/slim http://www.loc.gov/standards/marcxml/schema/MARC21slim.xsd"
    xmlns="http://www.loc.gov/MARC21/slim">

  <leader>02362nam a2200265 i 4500</leader>
  <controlfield tag="003">DO-SdBNP</controlfield>
  <controlfield tag="005">20240715092554.0</controlfield>
  <controlfield tag="006">a||||gr|||| 00| 0 </controlfield>
  <controlfield tag="007">ta</controlfield>
  <controlfield tag="008">240408m20032004dr adc|| |||| 00| 0 spa d</controlfield>
  <datafield tag="040" ind1=" " ind2=" ">
    <subfield code="a">DO-SdBNP</subfield>
    <subfield code="b">spa</subfield>
    <subfield code="c">BNPHU</subfield>
    <subfield code="e">dr</subfield>
  </datafield>
  <datafield tag="082" ind1=" " ind2="4">
    <subfield code="2">22</subfield>
    <subfield code="b">P273r</subfield>
  </datafield>
  <datafield tag="100" ind1="1" ind2=" ">
    <subfield code="a">Olivares Eddy</subfield>
    <subfield code="9">33814</subfield>
    <subfield code="e">autor</subfield>
  </datafield>
  <datafield tag="245" ind1="1" ind2="0">
    <subfield code="a">Rendici&#xF3;n de cuentas a la comunidad:</subfield>
    <subfield code="b">memorias sobre el primer a&#xF1;o de gestion agosto 2003 - 2004/</subfield>
    <subfield code="c">Eddy Olivares</subfield>
  </datafield>
  <datafield tag="246" ind1="1" ind2="4">
    <subfield code="a">Rendici&#xF3;n de cuentas de la fiscal&#xED;a a la comunidad:</subfield>
    <subfield code="b">informe del Magistrado Porucurador Fiscal de la provincia Santo Domingo, Lic, Eddy Olivares,</subfield>
  </datafield>
  <datafield tag="264" ind1=" " ind2=" ">
    <subfield code="a">Santo Domingo :</subfield>
    <subfield code="b">USAID,</subfield>
    <subfield code="c">2003 - 2004 </subfield>
  </datafield>
  <datafield tag="300" ind1=" " ind2=" ">
    <subfield code="a">xiii, 101 p&#xE1;ginas :</subfield>
    <subfield code="b">Ilustraciones, gr&#xE1;ficas, retratos ;</subfield>
    <subfield code="c">21 cm.</subfield>
  </datafield>
  <datafield tag="336" ind1=" " ind2=" ">
    <subfield code="2">rdacontent</subfield>
    <subfield code="a">texto</subfield>
    <subfield code="b">txt</subfield>
  </datafield>
  <datafield tag="337" ind1=" " ind2=" ">
    <subfield code="2">rdamedia</subfield>
    <subfield code="a">sin mediaci&#xF3;n</subfield>
    <subfield code="b">n</subfield>
  </datafield>
  <datafield tag="338" ind1=" " ind2=" ">
    <subfield code="2">rdacarrier</subfield>
    <subfield code="a">volumen</subfield>
    <subfield code="b">nc</subfield>
  </datafield>
  <datafield tag="505" ind1=" " ind2=" ">
    <subfield code="a">Presentaci&#xF3;n.--</subfield>
    <subfield code="g">Introducci&#xF3;n.</subfield>
    <subfield code="g">Cap&#xED;tulo I.</subfield>
    <subfield code="t">La Identidad Visual de la Fiscal&#xED;a.-- La Misi&#xF3;n.-- La Visi&#xF3;n.--</subfield>
    <subfield code="g">Cap&#xED;tulo II.</subfield>
    <subfield code="t">Origen de la Provincia Santo Domingo.-- Craci&#xF3;n e instalaci&#xF3;n del Distrito Judicial.-- Designaci&#xF3;n de los Jueces e instalaci&#xF3;n de los Trinitarios.--</subfield>
    <subfield code="g">Cap&#xED;tulo III.</subfield>
    <subfield code="t">Instalaci&#xF3;n de la Fiscal&#xED;a.-- Gesti&#xF3;n para el Presupuesto de la Suprema Corte de Justicia.-- Diligencias para un Presupuesto Especial para la fiscal&#xED;a.--</subfield>
    <subfield code="g">Cap&#xED;tulo IV.</subfield>
    <subfield code="t">Inicio de actividades.-- La Estructura de la Fiscal&#xED;a.--</subfield>
    <subfield code="g">Cap&#xED;tulo V.</subfield>
    <subfield code="t">Informes delos Departamentos de la Fiscal&#xED;a.--Querellas y Conciliaciones.-- Mediaci&#xF3;n comunitaria.-- Forma de selecci&#xF3;n de los Mediadores Comunitarios.--Destacamento de la Polic&#xED;a Nacional.-- Departamento de Salas Penales.-- Departamento de asuntos Civiles y Ejecuciones.-- Departamento de Familia y Menores.-- Destacamento de Protecci&#xF3;n a la Mujer y la Familia de Alma Rosa.-- Departamento de Abuso Sexual.-- Delitos contra la vida (Homicidio).-- Departamento M&#xE9;dico Legista.-- Delito contra la Propiedad (Robo).-- Departamento de Recuperaci&#xF3;n de Veh&#xED;culos.-- Departamento de Falsificaciones.-- Direcci&#xF3;n Nacional de Control de Drogas.-- Propiedad Intelectual.--</subfield>
    <subfield code="g">Cap&#xED;tulo VI.</subfield>
    <subfield code="t">La Seguridad ciudadana en la Provincia Santo Domingo.-- Encuentros con los barrios.--</subfield>
    <subfield code="t">Anexos.</subfield>
  </datafield>
  <datafield tag="590" ind1=" " ind2=" ">
    <subfield code="a">Inventariado 2024 / MF</subfield>
  </datafield>
  <datafield tag="710" ind1=" " ind2=" ">
    <subfield code="a">Estados Unidos .</subfield>
    <subfield code="b"> Agency for International Development</subfield>
    <subfield code="9">83946</subfield>
  </datafield>
  <datafield tag="942" ind1=" " ind2=" ">
    <subfield code="2">ddc</subfield>
    <subfield code="c">LBS1</subfield>
  </datafield>
  <datafield tag="952" ind1=" " ind2=" ">
    <subfield code="0">0</subfield>
    <subfield code="1">0</subfield>
    <subfield code="2">ddc</subfield>
    <subfield code="5">1</subfield>
    <subfield code="7">0</subfield>
    <subfield code="8">PD</subfield>
    <subfield code="a">BNPHU</subfield>
    <subfield code="b">BNPHU</subfield>
    <subfield code="c">CT</subfield>
    <subfield code="d">2015-04-08</subfield>
    <subfield code="e">Donado por Laura Pujols</subfield>
    <subfield code="l">0</subfield>
    <subfield code="o">P273r</subfield>
    <subfield code="p">2024-1939</subfield>
    <subfield code="r">2024-04-08</subfield>
    <subfield code="w">2024-04-08</subfield>
    <subfield code="y">LBS1</subfield>
  </datafield>
  <datafield tag="999" ind1=" " ind2=" ">
    <subfield code="c">56297</subfield>
    <subfield code="d">56297</subfield>
  </datafield>
</record>
